01262cam a22002298i 4500020001800000020001800018082000800036245007900044246003300123260004600156300002200202504005100224505016300275520036800438650004100806650001900847700003300866700003100899700003200930700003300962700003700995 a9781108767071 a978110876709500a32504aThe Cambridge History of Global Migrations /cedited by Donna R. Gabaccia.30aHistory of global migrations aLondonb Cambridge University Pressc2023 a1 online resource aIncludes bibliographical references and index.0 av. 1. Migrations, 1400-1800 / edited by Cátia Antunes and Eric Tagliacozzo -- v. 2. Migrations, 1800-present / edited by Marcelo Borges and Madeline Y. Hsu. a"An indispensable resource for specialists seeking comparative insights and general readers looking to develop their expertise on a key element of globalization, past and present, this Cambridge History of Global Migrations offers long-term perspectives on the mobile people who built the global economy, constructing nations and transforming culture worldwide"-- 0aEmigration and immigrationxHistory. 0aWorld history.1 aGabaccia, Donna R.,eeditor.1 aAntunes, Cátia,eeditor.1 aTagliacozzo, Eric,eeditor.1 aBorges, Marcelo J.,eeditor.1 aHsu, Madeline Yuan-yin,eeditor.